01112nam a22002657a 45000010005000000030006000050050017000110080041000280200018000690400029000870500013001160820008001291000025001372450068001622500035002302600038002653000051003034900021003545050008003755200362003835210020007455210020007656500025007857000036008104747FISKH20240927111440.0240927b cb ||||| |||| 00| 0 eng d a9780439944489 aFISKHbengcFISKHdFISKH aQC25.A76 a530 aArnold, Nickeauthor aFatal Forces /cby Nick Arnold : illustrated by Tony De Saulles aThis edition published in 2008 aNew York : bScholastic ;c1997 . a175 pages : bcolor illustrations ; c21 cm .  aHorrible Science aT  aChildren will laugh and learn as they explore the weird side of science with the Horrible Science Series. How do vampire bats suck blood? What makes stink bombs stink? These are just a few of the questions that are answered in this wacky science fact series. Cartoon-style illustrations depict the more grotesque aspects of science that fascinate children. 8 a810 bLexile 8 aT bRaz-Plus  aphysicsvnon-fiction aSaulles , Tony Deeillustrator